000 00672nam a2200229Ia 4500
003 OSt
005 20221007075732.0
006 a|||||r|||| 00| 0
007 ta
008 221006b |||||||| |||| 00| 0 eng d
024 _a20,299
037 _cReference Collections
040 _aFLL
_cFLL
_beng
041 _2eng
_aeng
082 _aY15:Z2, N9
100 _aAgnes F. Au.
_9694183
245 0 _aLaw of gender inequality
_b Politics of women's rights in india
260 _aNew Delhi
_bOxford university press India
_c1999
300 _a250p
_ccm.
942 _hY15:Z2, N9
_cREF
_2CC
999 _c1157176
_d1157176